| 000 | 01134nam a22002777a 4500 | ||
|---|---|---|---|
| 999 |
_c63986 _d63986 |
||
| 005 | 20240530110709.0 | ||
| 008 | 180121s2015 ua a g b 000 0dara d | ||
| 017 |
_a2014/25375 _bمصر. دار الكتب |
||
| 020 | _a9789774313406 | ||
| 040 |
_aEG-CaGPL _cEG-CaGPL |
||
| 082 | 0 | 4 |
_221 _a302\ _bع إ |
| 100 | 0 | _aعبدالجبار شكرى | |
| 245 | 1 | 0 |
_aايبستمولوجيا العلوم الانسانية : _bاى نموذج للعملية فى دراسة الظاهرة الانسانية / _cعبدالجبار شكرى . |
| 250 | _aط.1 | ||
| 260 |
_aالقاهرة : _bمؤسسة طيبة للنشر والتوزيع، _c2015 . |
||
| 300 |
_a203 ص. ؛ _c24 سم. |
||
| 490 | 0 | _aسلسلة ابحاث ودراسات سيكولوجية وسوسيولوجية | |
| 504 | _aببليوجرفية : 193 - 201 | ||
| 650 | 0 | 7 |
_2qrmak _aالاجتماع ، علم |
| 650 | 0 | 7 |
_2qrmak _aالعقل _xارسطو |
| 650 | 0 | 7 |
_2qrmak _aالاسرة _xالرعاية الاجتماعية |
| 650 | 0 | 7 |
_2qrmak _aالانسانيات |
| 651 | _2qrmak | ||
| 942 |
_2ddc _cBK |
||